000
00324nam a22001457a 4500
008
230518b ||||| |||| 00| 0 eng d
020
_a
9781591023913
041
_a
eng
080
_a
030
082
_a
030FLY
100
_a
44
101
_a
ENC
245
_a
THE NEW ENCYCLOPEDIA OF UNBELIEF
_c
FLYNN .T
942
_2
udc
_c
BK
999
_c
59776
_d
59776